000 00853nam a2200217 a 4500
001 000016650
005 20200929164937.0
008 100308s2002 dr ac r 000 0 spa d
040 _aDO-SdBNP
_bspa
_cBNPHU
082 _a641.597293
_aA786c
245 0 3 _aEl arte de cocinar en casa :
_b100 recetas de los mejores culinaristas de República Dominicana /
_ccoordinación Laura Bergés de Alonso ; fotografías Luis Nova.
246 1 3 _aCien recetas de los mejores culinaristas de República Dominicana
260 _aSanto Domingo :
_bMercacid,
_c2002.
300 _a141 p. :
_bil., retrs. ;
_c27 p.
590 _aInventariado, 2018/BT
650 4 _aCocina dominicana
_9192
650 4 _aPreparación de alimentos
_9193
700 1 _aBergés de Alonso, Laura
_936994
700 1 _aNova, Luis,
_eil.
_936995
910 _aValidado. Control de calidad. MMOLINA
999 _c16183
_d16183